000 00457nam a2200181Ia 4500
008 240925s9999 xx 000 0 und d
020 _a97886650344
082 _a621.3192 KAN
100 _aKang, James S.
245 0 _aElectric Circuits
250 _aNA
260 _aNew Delhi:
_bCengage Learning
_c,2018.
300 _axv, 246p.
_b0
_fOriginal
500 _aIncludes Index
600 _aElectronic Engineering
650 _aTechnology
942 _cBK
999 _c14109
_d14109